000 01164nam a2200253 a 4500
001 83591
003 BD-RjUL
005 20240425115141.0
008 240425s2010 bg a|||| m||| 00| 0 eng d
035 _a(BD-RjUL)83591
040 _aBD-RjUL
_beng
_cBD-RjUL
_dBD-RjUL
041 _aeng
082 _223
_a572.5
_b2010 AKC
100 _aAkand, A. S. M. Aynul Haque
_912727
245 1 0 _aComparative Nutritional Studies of Guava at Different Maturity Stages and Purification, Characterization of Amylase and Polyphenol Oxidase from Guava (Psidium Guajava Linn.) /
_cBy A. S. M. Aynul Haque Akand ;
_6Supervisor : Md. Tofazzal Hossain, Supervisor : Md. Belal Uddin
260 _aRajshahi :
_bDepartment of Biochemistry and Molecular Biology, University of Rajshahi,
_c2010
300 _a[17], 138 Leaves :
_bill, ;
_c29 cm.
502 _aThesis (Ph. D.) -- Department of Biochemistry and Molecular Biology, University of Rajshahi, 2010
504 _aReferences : Leaves 130-138
650 _aBiochemistry
_vMiscellaneous Chemicals
_912725
700 _aHossain, Md. Tofazzal, Supervisor
_912728
700 _aUddin, Md. Belal, Supervisor
_912729
942 _2ddc
_cTHE
999 _c83591
_d83591